[Event "Bundesliga 9900"]
[Site "Deutschland"]
[Date "2000.01.30"]
[Round "9.5"]
[White "Stangl, Markus"]
[Black "Hansen, Lars Bo"]
[Result "1/2-1/2"]
[WhiteElo "2488"]
[BlackElo "2569"]
[PlyCount "60"]
[EventDate "1999.10.09"]
[EventType "team"]
[EventRounds "15"]
[EventCountry "GER"]
[SourceTitle "Bundesliga 9900"]
[Source "DeepChess"]
[SourceDate "2005.01.01"]
[SourceVersion "1"]
[SourceVersionDate "2005.01.01"]
[SourceQuality "1"]
[WhiteTeam "SK Passau 1869"]
[BlackTeam "Luebecker SV von 1873 "]
[WhiteTeamCountry "GER"]
[BlackTeamCountry "GER"]

1. Nf3 Nf6 2. c4 c5 3. Nc3 e6 4. g3 d5 5. cxd5 Nxd5 6. Bg2 Nc6 7. O-O Be7 8. d4
O-O 9. e4 Ndb4 10. dxc5 Bxc5 11. a3 Nd3 12. Qe2 Nxc1 13. Raxc1 e5 14. Rfd1 Bd4
15. Nxd4 Nxd4 16. Qe3 Qb6 17. b4 Bg4 18. Nd5 Qd6 19. f3 Be6 20. Nc7 Rac8 21.
Nb5 Qb6 22. Rxc8 Rxc8 23. Nxd4 Rd8 24. Qc3 exd4 25. Qc5 Qxc5 26. bxc5 g6 27. f4
Rc8 28. f5 gxf5 29. exf5 Bxf5 30. Bxb7 Rxc5 1/2-1/2

[Event "Bundesliga 9900"]
[Site "Deutschland"]
[Date "2000.01.30"]
[Round "9.6"]
[White "Hector, Jonny"]
[Black "Renner, Christoph"]
[Result "0-1"]
[WhiteElo "2515"]
[BlackElo "2442"]
[PlyCount "96"]
[EventDate "1999.10.09"]
[EventType "team"]
[EventRounds "15"]
[EventCountry "GER"]
[SourceTitle "Bundesliga 9900"]
[Source "DeepChess"]
[SourceDate "2005.01.01"]
[SourceVersion "1"]
[SourceVersionDate "2005.01.01"]
[SourceQuality "1"]
[WhiteTeam "Luebecker SV von 1873 "]
[BlackTeam "SK Passau 1869"]
[WhiteTeamCountry "GER"]
[BlackTeamCountry "GER"]

1. e4 e6 2. d4 d5 3. Nc3 Bb4 4. Nge2 Nf6 5. e5 Nfd7 6. a3 Be7 7. b4 b6 8. f4 c5
9. b5 a6 10. Rb1 O-O 11. a4 axb5 12. axb5 f6 13. g3 Qc7 14. Bh3 cxd4 15. Bxe6+
Kh8 16. Nxd5 Qb7 17. Qxd4 fxe5 18. fxe5 Bc5 19. Qe4 Bf2+ 20. Kd1 Nc5 21. Bxc8
Qxc8 22. Qg2 Ra4 23. Rf1 Ne4 24. Rb3 Rd8 25. Rd3 Ra2 26. Rxf2 Qxc2+ 27. Ke1
Nxf2 28. Re3 Nd3+ 29. Rxd3 Qxd3 30. Ndf4 Qd1+ 31. Kf2 Qxc1 32. Qh3 Qc5+ 33. Kg2
Qxe5 34. Ng6+ Kg8 35. Nxe5 Rxe2+ 36. Kf3 Rxe5 37. Qh4 Rf8+ 38. Kg2 Ref5 39. Qd4
R5f6 40. Qd5+ Kh8 41. h4 h6 42. Kh3 Rf5 43. Qd6 R5f6 44. Qd5 R6f7 45. g4 Rf2
46. g5 h5 47. Kg3 Nd7 48. Qd1 Ne5 0-1

[Event "Bundesliga 9900"]
[Site "Deutschland"]
[Date "2000.01.30"]
[Round "9.7"]
[White "Gross, David2"]
[Black "Kalinitschew, Sergey"]
[Result "1/2-1/2"]
[WhiteElo "2465"]
[BlackElo "2504"]
[PlyCount "115"]
[EventDate "1999.10.09"]
[EventType "team"]
[EventRounds "15"]
[EventCountry "GER"]
[SourceTitle "Bundesliga 9900"]
[Source "DeepChess"]
[SourceDate "2005.01.01"]
[SourceVersion "1"]
[SourceVersionDate "2005.01.01"]
[SourceQuality "1"]
[WhiteTeam "SK Passau 1869"]
[BlackTeam "Luebecker SV von 1873 "]
[WhiteTeamCountry "GER"]
[BlackTeamCountry "GER"]

1. e4 c5 2. Nf3 Nc6 3. d4 cxd4 4. Nxd4 e5 5. Nb5 d6 6. c4 Be7 7. N1c3 a6 8. Na3
Nf6 9. Be2 Nd4 10. O-O O-O 11. Nc2 Nxc2 12. Qxc2 Be6 13. Be3 Rc8 14. Qa4 Qe8
15. Qb3 b5 16. Nd5 Nxe4 17. cxb5 Nc5 18. Qd1 Bxd5 19. Qxd5 axb5 20. b4 Na4 21.
Bd2 Rb8 22. Rfc1 Qd7 23. Rc6 Qe6 24. Qxe6 fxe6 25. Rac1 e4 26. R1c2 Rfd8 27. g3
h6 28. Ra6 d5 29. Bxb5 Rxb5 30. Rxa4 d4 31. h4 Rd7 32. a3 Rf5 33. Ra6 Kf7 34.
Rcc6 e5 35. a4 e3 36. fxe3 dxe3 37. Bxe3 Rd3 38. Ra7 Rxe3 39. Rcc7 Rxg3+ 40.
Kh2 Rg4 41. Rxe7+ Kf6 42. Rf7+ Kg6 43. Rxg7+ Kh5 44. Rxg4 Kxg4 45. Rg7+ Kf3 46.
Rg3+ Kf2 47. Rg2+ Kf1 48. Rg1+ Kf2 49. Rb1 e4 50. b5 e3 51. b6 e2 52. b7 Rf4
53. Kh3 Rf8 54. a5 h5 55. Rb2 Kg1 56. Rb1+ Kf2 57. Rb2 Kg1 58. Rb1+ 1/2-1/2

[Event "Bundesliga 9900"]
[Site "Deutschland"]
[Date "2000.01.30"]
[Round "9.8"]
[White "Lau, Ralf"]
[Black "Schmidt, Peter"]
[Result "1/2-1/2"]
[WhiteElo "2527"]
[BlackElo "2392"]
[PlyCount "95"]
[EventDate "1999.10.09"]
[EventType "team"]
[EventRounds "15"]
[EventCountry "GER"]
[SourceTitle "Bundesliga 9900"]
[Source "DeepChess"]
[SourceDate "2005.01.01"]
[SourceVersion "1"]
[SourceVersionDate "2005.01.01"]
[SourceQuality "1"]
[WhiteTeam "Luebecker SV von 1873 "]
[BlackTeam "SK Passau 1869"]
[WhiteTeamCountry "GER"]
[BlackTeamCountry "GER"]

1. e4 e6 2. d4 d5 3. Nd2 c5 4. exd5 exd5 5. Ngf3 Nc6 6. Bb5 Bd6 7. dxc5 Bxc5 8.
O-O Nge7 9. Nb3 Bd6 10. Re1 O-O 11. c3 Bg4 12. Be2 Bh5 13. Nbd4 Re8 14. Be3 a6
15. Nh4 Bg6 16. Nxg6 hxg6 17. Nf3 Nf5 18. Bg5 Be7 19. Bxe7 Rxe7 20. Qd2 Qb6 21.
Bd3 Rae8 22. Bxf5 gxf5 23. Rxe7 Rxe7 24. b3 Qc5 25. h4 Rd7 26. Re1 Rd8 27. Re3
Qd6 28. Rd3 b5 29. Qg5 g6 30. h5 Qe7 31. hxg6 Qxg5 32. gxf7+ Kxf7 33. Nxg5+ Kf6
34. f4 b4 35. Kf1 bxc3 36. Rxc3 Nb4 37. a3 d4 38. Rc1 Nd5 39. Rc6+ Ke7 40. Ne6
Ne3+ 41. Ke1 Rd5 42. Nc7 Rd6 43. Rxd6 Kxd6 44. Nxa6 Nxg2+ 45. Kd2 Nxf4 46. Nb4
Ne6 47. Kd3 Nc5+ 48. Kxd4 1/2-1/2

[Event "Bundesliga 9900"]
[Site "Deutschland"]
[Date "2000.01.30"]
[Round "9.1"]
[White "Jussupow, Artur"]
[Black "Epishin, Vladimir"]
[Result "1/2-1/2"]
[WhiteElo "2628"]
[BlackElo "2667"]
[PlyCount "41"]
[EventDate "1999.10.09"]
[EventType "team"]
[EventRounds "15"]
[EventCountry "GER"]
[SourceTitle "Bundesliga 9900"]
[Source "DeepChess"]
[SourceDate "2005.01.01"]
[SourceVersion "1"]
[SourceVersionDate "2005.01.01"]
[SourceQuality "1"]
[WhiteTeam "SG 1868 Aljech. Solingen"]
[BlackTeam "PSV Turm Duisburg 1920 e.V."]
[WhiteTeamCountry "GER"]
[BlackTeamCountry "GER"]

1. d4 Nf6 2. c4 e6 3. Nc3 Bb4 4. e3 c5 5. Bd3 d5 6. Nf3 cxd4 7. exd4 dxc4 8.
Bxc4 Qc7 9. Qd3 O-O 10. O-O Nc6 11. Bg5 Na5 12. Bb5 Nd5 13. Rac1 Bxc3 14. bxc3
a6 15. Ba4 Qc4 16. Bc2 Qxd3 17. Bxd3 b5 18. Nd2 h6 19. Be3 Bd7 20. Nb3 Nb7 21.
c4 1/2-1/2

[Event "Bundesliga 9900"]
[Site "Deutschland"]
[Date "2000.01.30"]
[Round "9.2"]
[White "Sax, Gyula"]
[Black "Sadler, Matthew"]
[Result "0-1"]
[WhiteElo "2609"]
[BlackElo "2630"]
[PlyCount "79"]
[EventDate "1999.10.09"]
[EventType "team"]
[EventRounds "15"]
[EventCountry "GER"]
[SourceTitle "Bundesliga 9900"]
[Source "DeepChess"]
[SourceDate "2005.01.01"]
[SourceVersion "1"]
[SourceVersionDate "2005.01.01"]
[SourceQuality "1"]
[WhiteTeam "PSV Turm Duisburg 1920 e.V."]
[BlackTeam "SG 1868 Aljech. Solingen"]
[WhiteTeamCountry "GER"]
[BlackTeamCountry "GER"]

1. e4 c5 2. Nf3 d6 3. d4 cxd4 4. Nxd4 Nf6 5. Nc3 a6 6. Be3 e5 7. Nb3 Be6 8. f4
exf4 9. Bxf4 Nc6 10. Qe2 Be7 11. h3 O-O 12. O-O-O Qc7 13. Kb1 Rfe8 14. g4 Ne5
15. g5 Nfd7 16. Qf2 Rac8 17. Rg1 Bf8 18. Rg3 g6 19. h4 b5 20. Nd5 Bxd5 21. exd5
Bg7 22. Bh3 Nc4 23. Bc1 Re4 24. Rf3 Rf8 25. Bxd7 Qxd7 26. Nd2 Rd4 27. Rf1 Nxd2+
28. Bxd2 Rxd5 29. a3 Qe6 30. Bc3 Bxc3 31. Rxc3 Rf5 32. Rf3 Rxf3 33. Qxf3 Rc8
34. h5 gxh5 35. Qxh5 Rxc2 36. Qf3 Rc5 37. Qa8+ Kg7 38. Qxa6 Rxg5 39. Qc6 Qd5
40. Qc3+ 0-1

[Event "Bundesliga 9900"]
[Site "Deutschland"]
[Date "2000.01.30"]
[Round "9.4"]
[White "Miralles, Gilles"]
[Black "Kasimdzhanov, Rustam"]
[Result "0-1"]
[WhiteElo "2490"]
[BlackElo "2614"]
[PlyCount "100"]
[EventDate "1999.10.09"]
[EventType "team"]
[EventRounds "15"]
[EventCountry "GER"]
[SourceTitle "Bundesliga 9900"]
[Source "DeepChess"]
[SourceDate "2005.01.01"]
[SourceVersion "1"]
[SourceVersionDate "2005.01.01"]
[SourceQuality "1"]
[WhiteTeam "PSV Turm Duisburg 1920 e.V."]
[BlackTeam "SG 1868 Aljech. Solingen"]
[WhiteTeamCountry "GER"]
[BlackTeamCountry "GER"]

1. e4 c5 2. Nf3 e6 3. d4 cxd4 4. Nxd4 a6 5. Bd3 Bc5 6. Nb3 Ba7 7. O-O Ne7 8.
Bf4 d5 9. N1d2 Nbc6 10. Qh5 Nb4 11. Nf3 O-O 12. Rad1 f6 13. Bg3 Nxd3 14. Rxd3
e5 15. Re1 Be6 16. exd5 Nxd5 17. Qh4 Qe8 18. Qe4 Qg6 19. Nbd4 Qxe4 20. Rxe4 Bd7
21. c4 Nb6 22. c5 Na4 23. c6 bxc6 24. Ne6 Bxe6 25. Rxa4 Rfd8 26. Rxd8+ Rxd8 27.
Kf1 Bf5 28. Ne1 Bc8 29. f4 exf4 30. Rxf4 a5 31. Nf3 Rd1+ 32. Ke2 Rb1 33. b3
Rb2+ 34. Kd3 Rxg2 35. Nd4 Bd7 36. a4 Bb8 37. Rf3 Bxg3 38. hxg3 Kf7 39. Kc4 Rd2
40. Kc5 h5 41. b4 axb4 42. a5 Ra2 43. Nb3 Bg4 44. Re3 Be2 45. Kxb4 Bb5 46. Nc5
g5 47. Nb7 Kg6 48. Re8 h4 49. gxh4 gxh4 50. Rg8+ Kh7 0-1

[Event "Bundesliga 9900"]
[Site "Deutschland"]
[Date "2000.01.30"]
[Round "9.5"]
[White "Lobron, Eric"]
[Black "Thesing, Matthias"]
[Result "0-1"]
[WhiteElo "2550"]
[BlackElo "2444"]
[PlyCount "62"]
[EventDate "1999.10.09"]
[EventType "team"]
[EventRounds "15"]
[EventCountry "GER"]
[SourceTitle "Bundesliga 9900"]
[Source "DeepChess"]
[SourceDate "2005.01.01"]
[SourceVersion "1"]
[SourceVersionDate "2005.01.01"]
[SourceQuality "1"]
[WhiteTeam "SG 1868 Aljech. Solingen"]
[BlackTeam "PSV Turm Duisburg 1920 e.V."]
[WhiteTeamCountry "GER"]
[BlackTeamCountry "GER"]

1. c4 e6 2. d4 d5 3. Nf3 c6 4. b3 Nf6 5. g3 Bb4+ 6. Bd2 Be7 7. Bg2 b6 8. O-O
Bb7 9. Nc3 O-O 10. Rc1 Nbd7 11. cxd5 cxd5 12. Bf4 Nh5 13. Qd3 Nxf4 14. gxf4 g6
15. Rc2 Rc8 16. e3 Nb8 17. Ra1 Ba6 18. Qd2 Ba3 19. Bf1 Qe7 20. Ne5 Qb4 21. Kh1
Qa5 22. Bxa6 Nxa6 23. Ne2 Qxd2 24. Rxd2 Nb4 25. Kg2 Rc7 26. Kf1 Rfc8 27. Rad1
Rc2 28. Ng1 Nxa2 29. Ngf3 Nc1 30. Nc4 Rxd2 31. Ncxd2 Bb4 0-1

[Event "Bundesliga 9900"]
[Site "Deutschland"]
[Date "2000.01.30"]
[Round "9.6"]
[White "Berg, Emanuel"]
[Black "Naumann, Alexander"]
[Result "0-1"]
[WhiteElo "2432"]
[BlackElo "2495"]
[PlyCount "78"]
[EventDate "1999.10.09"]
[EventType "team"]
[EventRounds "15"]
[EventCountry "GER"]
[SourceTitle "Bundesliga 9900"]
[Source "DeepChess"]
[SourceDate "2005.01.01"]
[SourceVersion "1"]
[SourceVersionDate "2005.01.01"]
[SourceQuality "1"]
[WhiteTeam "PSV Turm Duisburg 1920 e.V."]
[BlackTeam "SG 1868 Aljech. Solingen"]
[WhiteTeamCountry "GER"]
[BlackTeamCountry "GER"]

1. e4 c5 2. Nf3 d6 3. d4 cxd4 4. Nxd4 Nf6 5. Nc3 a6 6. Be3 e6 7. f4 Qc7 8. Qf3
b5 9. Bd3 Bb7 10. g4 Nfd7 11. g5 Nc5 12. h4 Nbd7 13. h5 Be7 14. a3 Nb6 15. Nce2
O-O-O 16. Ng3 g6 17. Qe2 e5 18. fxe5 dxe5 19. Nf3 Nba4 20. Rb1 Ne6 21. Qh2 Nac5
22. O-O Kb8 23. Rbd1 Ka8 24. b4 Na4 25. Ne2 Nb2 26. Rd2 f6 27. gxf6 Bxf6 28.
Ne1 Bg5 29. Bxg5 Nxg5 30. Ng3 Rhf8 31. Rxf8 Rxf8 32. hxg6 Qb6+ 33. Kh1 Qxg6 34.
Rf2 Rc8 35. Nf3 Nd1 36. Rf1 Ne3 37. Nxe5 Nxf1 38. Nxf1 Bxe4+ 39. Bxe4+ Qxe4+
0-1

[Event "Bundesliga 9900"]
[Site "Deutschland"]
[Date "2000.01.30"]
[Round "9.7"]
[White "Chandler, Murray G"]
[Black "Kummerow, Heiko"]
[Result "1-0"]
[WhiteElo "2527"]
[BlackElo "2326"]
[PlyCount "81"]
[EventDate "1999.10.09"]
[EventType "team"]
[EventRounds "15"]
[EventCountry "GER"]
[SourceTitle "Bundesliga 9900"]
[Source "DeepChess"]
[SourceDate "2005.01.01"]
[SourceVersion "1"]
[SourceVersionDate "2005.01.01"]
[SourceQuality "1"]
[WhiteTeam "SG 1868 Aljech. Solingen"]
[BlackTeam "PSV Turm Duisburg 1920 e.V."]
[WhiteTeamCountry "GER"]
[BlackTeamCountry "GER"]

1. e4 e6 2. d4 d5 3. Nc3 Bb4 4. e5 c5 5. a3 Bxc3+ 6. bxc3 Ne7 7. a4 Qa5 8. Bd2
Nbc6 9. Nf3 Bd7 10. Bb5 a6 11. Be2 f6 12. c4 Qc7 13. cxd5 Nxd5 14. c4 Nde7 15.
exf6 gxf6 16. d5 exd5 17. cxd5 Nxd5 18. Qb3 Be6 19. O-O Qg7 20. Bc4 O-O-O 21.
Rfe1 Rhg8 22. g3 Qf7 23. Rac1 Rd7 24. Qa3 Bg4 25. Be2 Nc7 26. Be3 Qh5 27. Rxc5
Rd5 28. Rxd5 Qxd5 29. Nd2 Bxe2 30. Rxe2 Re8 31. Re1 Ne6 32. Qc1 Ng5 33. Bxg5
Rxe1+ 34. Qxe1 fxg5 35. h3 Ne5 36. Qe3 h6 37. Ne4 Qd1+ 38. Kg2 Nd3 39. Nc3 Ne1+
40. Kf1 Qd3+ 41. Kxe1 1-0

[Event "Bundesliga 9900"]
[Site "Deutschland"]
[Date "2000.01.30"]
[Round "9.8"]
[White "Schmitz, Joachim"]
[Black "Schaefer, Markus"]
[Result "1/2-1/2"]
[WhiteElo "2320"]
[BlackElo "2390"]
[PlyCount "83"]
[EventDate "1999.10.09"]
[EventType "team"]
[EventRounds "15"]
[EventCountry "GER"]
[SourceTitle "Bundesliga 9900"]
[Source "DeepChess"]
[SourceDate "2005.01.01"]
[SourceVersion "1"]
[SourceVersionDate "2005.01.01"]
[SourceQuality "1"]
[WhiteTeam "PSV Turm Duisburg 1920 e.V."]
[BlackTeam "SG 1868 Aljech. Solingen"]
[WhiteTeamCountry "GER"]
[BlackTeamCountry "GER"]

1. Nf3 Nf6 2. g3 g6 3. b3 Bg7 4. Bb2 O-O 5. Bg2 d6 6. d4 Nbd7 7. O-O e5 8. dxe5
Ng4 9. Qd2 Ndxe5 10. c4 Rb8 11. Nc3 Bd7 12. h3 Nxf3+ 13. Bxf3 Nf6 14. Bg2 Re8
15. Rfe1 a6 16. Rac1 h5 17. h4 b5 18. Nd5 c5 19. cxb5 axb5 20. Nxf6+ Bxf6 21.
Bxf6 Qxf6 22. Rc3 Rb6 23. Rf3 Qd8 24. Rf4 Be6 25. Bd5 b4 26. Rd1 Bxd5 27. Qxd5
Qe7 28. Rd3 Qe6 29. Qf3 Qxe2 30. Rxf7 Qxd3 31. Qf6 Re1+ 32. Kh2 Rh1+ 33. Kxh1
Qd5+ 34. Kg1 Qxf7 35. Qd8+ Kg7 36. Qxb6 Qd5 37. Qc7+ Kf6 38. Qd8+ Kf7 39. Qd7+
Kf6 40. Qd8+ Kf7 41. Qd7+ Kf6 42. Qd8+ 1/2-1/2

[Event "Bundesliga 9900"]
[Site "Deutschland"]
[Date "2000.01.30"]
[Round "9.1"]
[White "Nielsen, Peter Heine"]
[Black "Lutz, Christopher"]
[Result "1/2-1/2"]
[WhiteElo "2564"]
[BlackElo "2587"]
[PlyCount "27"]
[EventDate "1999.10.09"]
[EventType "team"]
[EventRounds "15"]
[EventCountry "GER"]
[SourceTitle "Bundesliga 9900"]
[Source "DeepChess"]
[SourceDate "2005.01.01"]
[SourceVersion "1"]
[SourceVersionDate "2005.01.01"]
[SourceQuality "1"]
[WhiteTeam "SV Wattenscheid 1930"]
[BlackTeam "SG Porz e.V."]
[WhiteTeamCountry "GER"]
[BlackTeamCountry "GER"]

1. d4 d5 2. c4 e6 3. Nc3 Be7 4. Bf4 Nf6 5. e3 O-O 6. Nf3 c5 7. dxc5 Bxc5 8. a3
Nc6 9. Rc1 a6 10. b4 Bd6 11. Bxd6 Qxd6 12. Be2 Rd8 13. cxd5 exd5 14. O-O
1/2-1/2

[Event "Bundesliga 9900"]
[Site "Deutschland"]
[Date "2000.01.30"]
[Round "9.4"]
[White "Andersson, Ulf"]
[Black "Sjodahl, Pontus"]
[Result "1-0"]
[WhiteElo "2625"]
[BlackElo "2419"]
[PlyCount "81"]
[EventDate "1999.10.09"]
[EventType "team"]
[EventRounds "15"]
[EventCountry "GER"]
[SourceTitle "Bundesliga 9900"]
[Source "DeepChess"]
[SourceDate "2005.01.01"]
[SourceVersion "1"]
[SourceVersionDate "2005.01.01"]
[SourceQuality "1"]
[WhiteTeam "SG Porz e.V."]
[BlackTeam "SV Wattenscheid 1930"]
[WhiteTeamCountry "GER"]
[BlackTeamCountry "GER"]

1. Nf3 d5 2. d4 Nf6 3. c4 e6 4. Nc3 Bb4 5. cxd5 exd5 6. Bg5 Nbd7 7. e3 c5 8.
Bd3 Qa5 9. Qc2 c4 10. Bf5 O-O 11. O-O Re8 12. a3 Bxc3 13. Qxc3 Qxc3 14. bxc3
Ne4 15. Bxe4 Rxe4 16. a4 Re6 17. Nd2 b6 18. Rfe1 Bb7 19. h4 h5 20. f3 Rae8 21.
Kf2 f6 22. Bf4 Kf7 23. e4 Kg6 24. Re3 Bc6 25. exd5 Bxd5 26. Rxe6 Bxe6 27. Re1
Nf8 28. d5 Bd7 29. Rxe8 Bxe8 30. Bd6 Kf7 31. a5 bxa5 32. Nxc4 Ng6 33. g3 Ne7
34. Bxe7 Kxe7 35. Ke3 a4 36. Kd4 Bb5 37. Na3 Be2 38. f4 Kd6 39. c4 Kd7 40. c5
Kc7 41. Nc4 1-0

[Event "Bundesliga 9900"]
[Site "Deutschland"]
[Date "2000.01.30"]
[Round "9.5"]
[White "Holzke, Frank"]
[Black "Hansen, Curt"]
[Result "0-1"]
[WhiteElo "2461"]
[BlackElo "2618"]
[PlyCount "122"]
[EventDate "1999.10.09"]
[EventType "team"]
[EventRounds "15"]
[EventCountry "GER"]
[SourceTitle "Bundesliga 9900"]
[Source "DeepChess"]
[SourceDate "2005.01.01"]
[SourceVersion "1"]
[SourceVersionDate "2005.01.01"]
[SourceQuality "1"]
[WhiteTeam "SV Wattenscheid 1930"]
[BlackTeam "SG Porz e.V."]
[WhiteTeamCountry "GER"]
[BlackTeamCountry "GER"]

1. e4 c5 2. Nf3 e6 3. d4 cxd4 4. Nxd4 Nf6 5. Nc3 d6 6. g3 Nc6 7. Bg2 Bd7 8. O-O
Be7 9. Be3 O-O 10. Qe2 Qc7 11. a4 Rfc8 12. Ndb5 Qb8 13. Rfd1 Ne5 14. Na3 Bc6
15. h3 b6 16. f4 Ned7 17. Nc4 Qc7 18. b3 Nxe4 19. Bxe4 Bxe4 20. Nxe4 d5 21. Qd3
Rd8 22. Ned2 Nc5 23. Bxc5 dxc4 24. Qxc4 Bxc5+ 25. Kh2 e5 26. Nf3 exf4 27. gxf4
Qe7 28. Ne5 Bd6 29. Qe4 Rac8 30. Re1 Bxe5 31. fxe5 Rd2+ 32. Re2 Rcxc2 33. Rae1
Rxe2+ 34. Rxe2 Rc8 35. b4 Re8 36. a5 bxa5 37. bxa5 Qc7 38. Qd5 g6 39. a6 Re6
40. Qb5 Kg7 41. Kg3 Qc8 42. Qb7 Qc5 43. Kg2 Qc6+ 44. Qxc6 Rxc6 45. Ra2 Re6 46.
Ra5 g5 47. h4 gxh4 48. Kh3 Kg6 49. Kg4 h3 50. Kxh3 Kf5 51. Rb5 Rxa6 52. Rb7 Ke6
53. Kg4 Ra5 54. Rc7 a6 55. Kf4 Ra4+ 56. Kg3 h5 57. Kh3 a5 58. Rc5 Ra1 59. Kh2
a4 60. Ra5 Ra3 61. Kg2 h4 0-1

[Event "Bundesliga 9900"]
[Site "Deutschland"]
[Date "2000.01.30"]
[Round "9.6"]
[White "Bacrot, Etienne"]
[Black "Straeter, Timo"]
[Result "1-0"]
[WhiteElo "2594"]
[BlackElo "2343"]
[PlyCount "139"]
[EventDate "1999.10.09"]
[EventType "team"]
[EventRounds "15"]
[EventCountry "GER"]
[SourceTitle "Bundesliga 9900"]
[Source "DeepChess"]
[SourceDate "2005.01.01"]
[SourceVersion "1"]
[SourceVersionDate "2005.01.01"]
[SourceQuality "1"]
[WhiteTeam "SG Porz e.V."]
[BlackTeam "SV Wattenscheid 1930"]
[WhiteTeamCountry "GER"]
[BlackTeamCountry "GER"]

1. d4 e6 2. Nf3 f5 3. Bg5 Be7 4. Bxe7 Qxe7 5. Qd3 Nf6 6. Nbd2 d5 7. h3 Nc6 8.
c4 O-O 9. e3 Kh8 10. Qb3 a5 11. cxd5 exd5 12. Bb5 Nd8 13. Ne5 f4 14. O-O c6 15.
Be2 Ne6 16. Qc2 fxe3 17. fxe3 Ng5 18. Bd3 Kg8 19. h4 Ne6 20. Ndf3 g6 21. Rf2
Ng7 22. Ng5 Nf5 23. Re1 Nxh4 24. Rf4 Nf5 25. g4 Nh5 26. gxf5 Qxg5+ 27. Rg4 Qe7
28. Rg2 Qh4 29. Nf3 Qh3 30. Ng5 Qh4 31. Nf3 Qh3 32. Qf2 Bxf5 33. Ng5 Bxd3 34.
Nxh3 Rxf2 35. Nxf2 Bf5 36. Ng4 Kg7 37. Ne5 Nf6 38. a3 Re8 39. b4 a4 40. b5 c5
41. Rb2 c4 42. Rb4 Ra8 43. Nxc4 dxc4 44. Rxc4 Be4 45. Rc7+ Kh6 46. Rf7 Kg5 47.
Rf1 Nh5 48. Rc1 h6 49. Rc5+ Kg4 50. Re5 Bd3 51. Kf2 g5 52. Rxb7 Ng3 53. Rbe7
Rb8 54. e4 Bxb5 55. d5 Bc4 56. Ke3 h5 57. Rg7 h4 58. Rexg5+ Kh3 59. Kd4 Bb3 60.
e5 Bc2 61. e6 Nf5+ 62. Rxf5 Bxf5 63. Ke5 Bg4 64. d6 Kg3 65. d7 h3 66. e7 h2 67.
e8=Q Rb5+ 68. Kd4 Rd5+ 69. Kc4 h1=Q 70. Qe3+ 1-0

[Event "Bundesliga 9900"]
[Site "Deutschland"]
[Date "2000.01.30"]
[Round "9.7"]
[White "Franke, Johannes"]
[Black "Hort, Vlastimil"]
[Result "1/2-1/2"]
[WhiteElo "2272"]
[BlackElo "2541"]
[PlyCount "46"]
[EventDate "1999.10.09"]
[EventType "team"]
[EventRounds "15"]
[EventCountry "GER"]
[SourceTitle "Bundesliga 9900"]
[Source "DeepChess"]
[SourceDate "2005.01.01"]
[SourceVersion "1"]
[SourceVersionDate "2005.01.01"]
[SourceQuality "1"]
[WhiteTeam "SV Wattenscheid 1930"]
[BlackTeam "SG Porz e.V."]
[WhiteTeamCountry "GER"]
[BlackTeamCountry "GER"]

1. e4 e5 2. Nc3 Nc6 3. Bc4 Be7 4. d3 d6 5. f4 exf4 6. Bxf4 Bh4+ 7. g3 Bf6 8.
Nf3 Nge7 9. d4 Bg4 10. Be3 O-O 11. O-O a6 12. a4 Qd7 13. Qd2 Rae8 14. Ne1 Kh8
15. Ng2 Ng8 16. Rf2 Nce7 17. Raf1 Ng6 18. Nf4 Nxf4 19. Rxf4 Be6 20. Bd3 Bh3 21.
R1f2 Bg5 22. R4f3 Bxe3 23. Rxe3 Nh6 1/2-1/2

[Event "Bundesliga 9900"]
[Site "Deutschland"]
[Date "2000.01.30"]
[Round "9.8"]
[White "Van den Doel, Erik"]
[Black "Thiel, Thomas"]
[Result "1-0"]
[WhiteElo "2522"]
[BlackElo "2323"]
[PlyCount "87"]
[EventDate "1999.10.09"]
[EventType "team"]
[EventRounds "15"]
[EventCountry "GER"]
[SourceTitle "Bundesliga 9900"]
[Source "DeepChess"]
[SourceDate "2005.01.01"]
[SourceVersion "1"]
[SourceVersionDate "2005.01.01"]
[SourceQuality "1"]
[WhiteTeam "SG Porz e.V."]
[BlackTeam "SV Wattenscheid 1930"]
[WhiteTeamCountry "GER"]
[BlackTeamCountry "GER"]

1. e4 e5 2. Nf3 Nc6 3. Bb5 Nf6 4. d3 d6 5. O-O Bd7 6. c3 Be7 7. Nbd2 O-O 8. Re1
Re8 9. Nf1 Bf8 10. Ng3 Ne7 11. Bxd7 Qxd7 12. Bg5 Qe6 13. d4 Nd7 14. Qd3 a6 15.
b3 Rac8 16. Rad1 f6 17. Be3 g6 18. dxe5 Nxe5 19. Qe2 Nxf3+ 20. Qxf3 Bg7 21. Bd2
Qf7 22. c4 Rf8 23. Qd3 f5 24. exf5 Nxf5 25. Ne4 h6 26. Bc3 Rce8 27. Bxg7 Nxg7
28. Re2 Re5 29. Rde1 Ne6 30. g3 Rxe4 31. Qxe4 Ng5 32. Qxb7 Nf3+ 33. Kf1 Qd7 34.
Qd5+ Kh8 35. Qxf3 Rxf3 36. Re8+ Rf8 37. Rxf8+ Kg7 38. Rfe8 Qc6 39. Kg1 a5 40.
R8e7+ Kf6 41. R1e6+ Kf5 42. Re3 h5 43. Rf7+ Kg5 44. h4+ 1-0

[Event "Bundesliga 9900"]
[Site "Deutschland"]
[Date "2000.01.30"]
[Round "9.1"]
[White "Slobodjan, Roman"]
[Black "Beliavsky, Alexander G"]
[Result "1-0"]
[WhiteElo "2561"]
[BlackElo "2640"]
[PlyCount "103"]
[EventDate "1999.10.09"]
[EventType "team"]
[EventRounds "15"]
[EventCountry "GER"]
[SourceTitle "Bundesliga 9900"]
[Source "DeepChess"]
[SourceDate "2005.01.01"]
[SourceVersion "1"]
[SourceVersionDate "2005.01.01"]
[SourceQuality "1"]
[WhiteTeam "USC Magdeburg"]
[BlackTeam "SK Koenig Plauen"]
[WhiteTeamCountry "GER"]
[BlackTeamCountry "GER"]

1. e4 d6 2. d4 Nf6 3. Bd3 e5 4. c3 d5 5. dxe5 Nxe4 6. Nf3 Nc6 7. Nbd2 Nc5 8.
Bc2 Bg4 9. O-O d4 10. Qe1 dxc3 11. bxc3 Qd7 12. Qe3 O-O-O 13. Ba3 Ne6 14. Bxf8
Rhxf8 15. Be4 b6 16. Nb3 Ne7 17. a4 Bf5 18. Nbd4 Nc5 19. Nxf5 Nxf5 20. Qf4 Nxe4
21. Qxe4 Kb8 22. a5 Qd3 23. Qb4 Rfe8 24. axb6 cxb6 25. Qa4 Qd7 26. Qf4 Qe6 27.
Ng5 Qxe5 28. Qxe5+ Rxe5 29. Nxf7 Rde8 30. Nxe5 Rxe5 31. Rfd1 Re7 32. Rd5 g6 33.
f4 Kb7 34. Kf2 h5 35. Rad1 Kc6 36. Re5 a5 37. Rxe7 Nxe7 38. Re1 Nd5 39. Re6+
Kc5 40. Rxg6 a4 41. f5 a3 42. Rg8 Nxc3 43. Ra8 Kb4 44. Kf3 Nd5 45. g4 hxg4+ 46.
Kxg4 b5 47. Kg5 Kb3 48. f6 Nxf6 49. Kxf6 b4 50. h4 Kc4 51. h5 b3 52. Ra4+ 1-0